Op-amp circuits manual (Record no. 52621)

MARC details
000 -LEADER
fixed length control field 00495nam a2200145 a 4500
008 - FIXED-LENGTH DATA ELEMENTS--GENERAL INFORMATION
fixed length control field 120416s1989 ||||||||||||||||| || u
020 ## - INTERNATIONAL STANDARD BOOK NUMBER
International Standard Book Number 0434912077
050 ## - LIBRARY OF CONGRESS CALL NUMBER
Classification number TK 7868.O6 Mar
100 ## - MAIN ENTRY--PERSONAL NAME
Personal name Marston, R. M
245 10 - TITLE STATEMENT
Title Op-amp circuits manual
260 ## - PUBLICATION, DISTRIBUTION, ETC.
Place of publication, distribution, etc. Oxford
Name of publisher, distributor, etc. Heinemann Newnes
Date of publication, distribution, etc. 1989
300 ## - PHYSICAL DESCRIPTION
Extent (vii) 211p. : ill
350 ## - PRICE (NR) (BK AM CF MU VM SE) [OBSOLETE]
Price 0.00
995 ## - RECOMMENDATION 995 [LOCAL, UNIMARC FRANCE]
-- 0.00
-- CBU-MAIN LIBRARY (Kitwe)
-- 1
-- 12.95
-- LOST
-- Main Library Open Access Collection
Holdings
Withdrawn status Lost status Source of classification or shelving scheme Damaged status Not for loan Home library Current library Shelving location Date acquired Total Checkouts Full call number Barcode Date last seen Price effective from Koha item type
          CBU-MAIN LIBRARY, KITWE. CBU-MAIN LIBRARY, KITWE.   11/30/2022   TK 7868.O6 Mar 016623 11/30/2022 11/30/2022 MONOGRAPH